[Event "BADIJ    BAGIJ    I"]
[Site "SchemingMind.com"]
[Date "2018.03.25"]
[Round "-"]
[White "Glenn O'Brien"]
[Black "Robert Hatfield"]
[Result "1-0"]
[WhiteCountry "AUS"]
[BlackCountry "USA"]
[WhiteElo "1867"]
[WhiteRD "73"]
[BlackElo "1829"]
[BlackRD "97"]
[GameID "426261"]

1. e4 e6 2. d4 d5 3. Nc3 Bb4 4. e5 c5 5. a3 Bxc3+ 6. bxc3 Qc7 7. Qg4 f5 8. Qg3 cxd4 9. cxd4 Ne7 10. Bd2 O-O
11. Bd3 b6 12. Ne2 Ba6 13. Nf4 Qd7 14. h4 Bxd3 15. Qxd3 Rc8 16. Rh3 Rc4 17. Rg3 Nbc6 18. c3 Rf8 19. Kf1 Rf7 20. Kg1 Na5
21. Rb1 Ra4 22. Qb5 Qxb5 23. Rxb5 Rxa3 24. Nxe6 Ra1+ 25. Kh2 Nc4 26. Bh6 a6 27. Rb3 f4 28. Rxg7+ Rxg7 29. Nxg7 Kf7 30. Nh5 a5
31. Nxf4 a4 32. Rb4 Nc6 33. Rb5 a3 34. e6+ Ke8 35. Nxd5 a2 36. Bg5 Rb1 37. Nc7+ Kf8 38. Rf5+ Kg7 39. Ne8+ Kg6 40. Rf6+ Kh5
41. Ng7+
1-0

[Event "BADIJ    BAGIJ    I"]
[Site "SchemingMind.com"]
[Date "2018.03.26"]
[Round "-"]
[White "Robert Hatfield"]
[Black "Glenn O'Brien"]
[Result "0-1"]
[WhiteCountry "USA"]
[BlackCountry "AUS"]
[WhiteElo "1829"]
[WhiteRD "97"]
[BlackElo "1867"]
[BlackRD "73"]
[GameID "426262"]

1. c4 e5 2. g3 Nf6 3. Bg2 d5 4. cxd5 Nxd5 5. Nc3 Nb6 6. Nf3 Nc6 7. d3 Be7 8. a3 O-O 9. b4 Be6 10. Bb2 f6
11. O-O a5 12. b5 Nd4 13. Nxd4 exd4 14. Ne4 f5 15. Nd2 Rb8 16. Nf3 Bf6 17. a4 Rf7 18. Ba3 Nd5 19. Qc2 Nc3 20. e3 dxe3
21. fxe3 Nxa4 22. Qxa4 Qxd3 23. Rae1 Bc3 24. Qd1 Bc4 25. Qxd3 Bxd3 26. Nd4 Bxe1 27. Rxe1 Be4 28. Nf3 Rd7 29. Nd4 Re8 30. Kf2 Bxg2
0-1